| 000 | 00805nam a2200181Ia 4500 | ||
|---|---|---|---|
| 008 | 100920s9999 xx 000 0 und d | ||
| 082 |
_b55883 _a891.463.1 थ 89 |
||
| 100 | _aगांगल पं.गो. / गांगल योगिनी. | ||
| 245 | _aकथा वनवासींच्या व्यथा सर्वांच्या. | ||
| 260 |
_bश्रीगंधर्व-वेद प्रकाशन ,पुणे. _c1989 |
||
| 300 |
_a160 _bसाधी |
||
| 365 | _b40 | ||
| 520 | _aलघुकथा. | ||
| 630 | _aकथा वनवासींच्या व्यथा सर्वांच्या. | ||
| 650 | _aलघुकथा. | ||
| 730 | _aकथा वनवासींच्या व्यथा सर्वांच्या. | ||
| 942 | _cBOOK | ||
| 999 |
_c700185 _d700182 |
||